Biblioteca y Centro de Documentación

The Latin America debt crisis (Registro nro. 2229)

Detalles MARC
000 -CABECERA
Longitud fija campo de control 01143nam a2200361 c 4500
001 - NÚMERO DE CONTROL
Número de control 2229
003 - IDENTIFICADOR DE NÚMERO DE CONTROL
Identificador del número de control ES-MaCES
005 - FECHA Y HORA DE LA ÚLTIMA TRANSACCIÓN
Fecha y hora de la última transacción 20170201120439.0
008 - CAMPO FIJO DE DESCRIPCIÓN FIJA--INFORMACIÓN GENERAL
Códigos de información de longitud fija   950620s1994 xxu ||| | eng d
020 ## - ISBN (INTERNATIONAL STANDARD BOOK NUMBER)
Número Internacional Normalizado para Libros (ISBN) 0821330837
035 ## - NÚMERO DE CONTROL DEL SISTEMA
Número de control del sistema CES19980022453m
040 ## - FUENTE DE CATALOGACIÓN
Centro catalogador de origen ES-MaCES
Lengua de catalogación spa
Centro transcriptor ES-MaCES
100 1# - ENCABEZAMIENTO PRINCIPAL--NOMBRE PERSONAL
Nombre de persona Edwards, Sebastian
9 (RLIN) 11166
245 14 - MENCIÓN DE TÍTULO
Título The Latin America debt crisis
Mención de responsabilidad, etc. Sebastian Edwards
260 ## - PUBLICACIÓN, DISTRIBUCIÓN, ETC (PIE DE IMPRENTA)
Lugar de publicación, distribución, etc. Washington D.C.
Nombre del editor, distribuidor, etc. World Bank
Fecha de publicación, distribución, etc. [1994?]
300 ## - DESCRIPCIÓN FÍSICA
Extensión 22 p.
Dimensiones 28 cm
490 1# - MENCIÓN DE SERIE
Mención de serie The evolving role of the World Bank
541 ## - NOTA DE LA FUENTE INMEDIANTE DE ADQUISICIÓN
Forma de adquisición Gratuito
650 #4 - ASIENTO SECUNDARIO DE MATERIA--TÉRMINO DE MATERIA
Término de materia o nombre geográfico como elemento inicial América Latina
9 (RLIN) 26882
650 #4 - ASIENTO SECUNDARIO DE MATERIA--TÉRMINO DE MATERIA
Término de materia o nombre geográfico como elemento inicial deuda externa
9 (RLIN) 28159
650 #4 - ASIENTO SECUNDARIO DE MATERIA--TÉRMINO DE MATERIA
Término de materia o nombre geográfico como elemento inicial papel del FMI
9 (RLIN) 30354
650 #4 - ASIENTO SECUNDARIO DE MATERIA--TÉRMINO DE MATERIA
Término de materia o nombre geográfico como elemento inicial papel del Banco Mundial
9 (RLIN) 30355
650 #4 - ASIENTO SECUNDARIO DE MATERIA--TÉRMINO DE MATERIA
Término de materia o nombre geográfico como elemento inicial programa de ayuda
9 (RLIN) 26649
650 #4 - ASIENTO SECUNDARIO DE MATERIA--TÉRMINO DE MATERIA
Término de materia o nombre geográfico como elemento inicial liberalización del intercambio
9 (RLIN) 28000
650 #4 - ASIENTO SECUNDARIO DE MATERIA--TÉRMINO DE MATERIA
Término de materia o nombre geográfico como elemento inicial reforma económica
9 (RLIN) 29791
650 #4 - ASIENTO SECUNDARIO DE MATERIA--TÉRMINO DE MATERIA
Término de materia o nombre geográfico como elemento inicial política económica
9 (RLIN) 27025
653 10 - TÉRMINO DE INDEXACIÓN--NO CONTROLADO
Término no controlado Cooperación al desarrollo
710 2# - ENCABEZAMIENTO SECUNDARIO--NOMBRE CORPORATIVO
9 (RLIN) 1604
Nombre de entidad o nombre de jurisdicción como elemento inicial Banco Mundial
Término indicativo de función ed.
830 #4 - ENCABEZAMIENTO SECUNDARIO DE COLECCIÓN--TÍTULO UNIFORME
Título uniforme The evolving role of the World Bank
9 (RLIN) 32434
902 ## - CES. TIPO DE DOCUMENTO
Tipodoc (006$c Sirtex) DOC Literatura gris
942 ## - ELEMENTOS KOHA
Fuente de clasificaión o esquema Clasificación propia del CES
Koha [por defecto] tipo de item Monografías
Parte de clasificación 1.2.
Existencias
Número de registro Signatura completa Tipo de item de Koha
006582 DOC-1.2.-23 Monografías
© CES, Consejo Económico y Social de España 2021